[Event "3. Copenhagen Open Politiken Cup"]
[Site "Brndby"]
[Date "1981.??.??"]
[Round "2"]
[White "Roos, Louis"]
[Black "Kristiansen, Tor"]
[Result "1/2-1/2"]
[WhiteElo "2375"]
[BlackElo "2250"]
[PlyCount "42"]
[EventDate "1981.??.??"]
[EventType "swiss"]
[EventRounds "10"]
[EventCountry "DEN"]
[SourceDate "2004.01.01"]

1. e4 e5 2. Nf3 Nf6 3. Nxe5 d6 4. Nf3 Nxe4 5. Qe2 Qe7 6. d3 Nf6 7. Bg5 Be6 8.
Nc3 c6 9. O-O-O Nbd7 10. h3 O-O-O 11. Nd4 h6 12. Bd2 Nd5 13. f4 Qf6 14. Qf2 Nc5
15. Re1 Nb6 16. Be2 d5 17. Rhf1 Nca4 18. Nxa4 Nxa4 19. c3 Bd7 20. Nf3 Bc5 21.
d4 Bd6 1/2-1/2

[Event "3. Copenhagen Open Politiken Cup"]
[Site "Brndby"]
[Date "1981.??.??"]
[Round "2"]
[White "Schneider, Lars Ake"]
[Black "Budde, Vladimir"]
[Result "0-1"]
[WhiteElo "2410"]
[BlackElo "2285"]
[PlyCount "116"]
[EventDate "1981.??.??"]
[EventType "swiss"]
[EventRounds "10"]
[EventCountry "DEN"]
[SourceDate "2004.01.01"]

1. e4 c5 2. Nf3 e6 3. d4 cxd4 4. Nxd4 Nf6 5. Nc3 d6 6. f4 a6 7. Qf3 Qb6 8. Nb3
Qc7 9. g4 h6 10. Bg2 Nfd7 11. a4 Nc6 12. O-O b6 13. Be3 Bb7 14. Rf2 Be7 15. Rd1
O-O-O 16. Nd4 Na5 17. f5 Nc6 18. fxe6 Nde5 19. Qe2 Nxd4 20. Rxd4 fxe6 21. Rb4
d5 22. Bxb6 Qd6 23. Bxd8 Bxd8 24. Rb3 d4 25. Nb1 Bb6 26. Nd2 d3 27. cxd3 Bxf2+
28. Qxf2 Rf8 29. Qa7 Rf7 30. Rc3+ Rc7 31. d4 Nc6 32. Qc5 Qxd4+ 33. Qxd4 Nxd4
34. Kf2 Rxc3 35. bxc3 Nc6 36. Ke3 Ne5 37. h3 Kc7 38. Bf1 Nd7 39. Bc4 e5 40. Nb3
Nb6 41. Bf7 Nxa4 42. c4 Kd6 43. Bd5 Bc8 44. Na5 Nc5 45. Nc6 Bd7 46. Nb4 a5 47.
Nc2 Ba4 48. Na3 Nd7 49. Kd3 Kc5 50. Kc3 Nf8 51. Nb1 Ng6 52. Nd2 Bd1 53. Nf1 Nh4
54. Ne3 Bf3 55. Kd3 Bg2 56. Ke2 Bxh3 57. Kf2 Ng2 58. Nc2 Nf4 0-1

[Event "3. Copenhagen Open Politiken Cup"]
[Site "Brndby"]
[Date "1981.??.??"]
[Round "2"]
[White "Spassov, Liuben"]
[Black "Hvenekilde, Jorgen"]
[Result "1-0"]
[WhiteElo "2460"]
[BlackElo "2275"]
[PlyCount "195"]
[EventDate "1981.??.??"]
[EventType "swiss"]
[EventRounds "10"]
[EventCountry "DEN"]
[SourceDate "2004.01.01"]

1. Nf3 Nf6 2. c4 g6 3. Nc3 Bg7 4. e4 d6 5. d4 O-O 6. Be2 e5 7. O-O exd4 8. Nxd4
Re8 9. f3 Nc6 10. Be3 Bd7 11. Qd2 a6 12. Rad1 b5 13. Nxc6 Bxc6 14. b4 a5 15.
cxb5 axb4 16. Nb1 Bb7 17. Bc4 d5 18. Qxb4 Qc8 19. Bb3 dxe4 20. fxe4 Rxe4 21.
Qd2 Qe8 22. Bf2 Re2 23. Qd3 Qe5 24. Rd2 Ng4 25. Qg3 Rxf2 26. Rfxf2 Qxg3 27.
hxg3 Nxf2 28. Kxf2 Be4 29. Rd1 Bf5 30. a4 h5 31. Na3 Bg4 32. Rd2 Bf8 33. Nc2
Bc5+ 34. Kf1 Bb6 35. Ne1 Re8 36. Nf3 Re3 37. Bd5 Ra3 38. Ra2 Rd3 39. Bxf7+ Kg7
40. Bc4 Rd1+ 41. Ke2 Rg1 42. Kd3 Bf5+ 43. Kd2 Rxg2+ 44. Ke1 Rxg3 45. Bd5 Bg4
46. a5 Bxf3 47. axb6 Bxd5 48. bxc7 Rc3 49. b6 h4 50. Kd2 Rc5 51. Ra5 Rxa5 52.
c8=Q Ra2+ 53. Kc1 Kf6 54. Qd8+ Ke5 55. Qxh4 Rg2 56. b7 Bxb7 57. Qe7+ Kf5 58.
Qxb7 Rg4 59. Kd2 Rf4 60. Ke3 g5 61. Qf7+ Kg4 62. Qh7 Rb4 63. Qd7+ Kh4 64. Qd2
Rf4 65. Qd1 Rf8 66. Qh1+ Kg4 67. Qg1+ Kh5 68. Ke4 Kg6 69. Qb6+ Rf6 70. Qb3 Rf4+
71. Ke5 Rf5+ 72. Ke6 Rf4 73. Qd3+ Kh5 74. Qh7+ Kg4 75. Qh1 Rf8 76. Ke7 Rf4 77.
Qh2 Rf5 78. Qe2+ Kh4 79. Qe1+ Kg4 80. Qe6 Kf4 81. Qd6+ Kf3 82. Qd3+ Kg4 83. Qd7
Kf4 84. Ke6 Kg4 85. Qd1+ Rf3 86. Qg1+ Rg3 87. Qd4+ Kf3 88. Kf5 Kg2 89. Qd2+ Kh3
90. Qe2 g4 91. Kg5 Rg2 92. Qe5 Rg3 93. Qf4 Rg2 94. Qe3+ Rg3 95. Qd4 Rg2 96. Qf4
Rg3 97. Qf2 Ra3 98. Qf1+ 1-0

[Event "3. Copenhagen Open Politiken Cup"]
[Site "Brndby"]
[Date "1981.??.??"]
[Round "2"]
[White "Sorensen, Bent"]
[Black "Hartung Nielsen, Jens"]
[Result "1-0"]
[WhiteElo "2285"]
[BlackElo "2220"]
[PlyCount "82"]
[EventDate "1981.??.??"]
[EventType "swiss"]
[EventRounds "10"]
[EventCountry "DEN"]
[SourceDate "2004.01.01"]

1. c4 e5 2. g3 c6 3. d4 d6 4. Nc3 Nd7 5. Nf3 Ngf6 6. Bg2 Be7 7. O-O Qc7 8. Qc2
O-O 9. Rd1 a6 10. b3 Rb8 11. c5 exd4 12. cxd6 Bxd6 13. Nxd4 Nc5 14. Bg5 Ng4 15.
Nf5 Be5 16. Ne7+ Kh8 17. Nxc8 Rbxc8 18. Rac1 Ne6 19. Qf5 Nxg5 20. Nd5 Qa5 21.
Qxg5 f5 22. Ne7 Bf6 23. Qxf5 Qxf5 24. Nxf5 Nxf2 25. Kxf2 Bg5 26. Rc5 g6 27. Bh3
Be7 28. Re5 Bf6 29. Re6 gxf5 30. Rd7 Rb8 31. Bxf5 Bd4+ 32. Rxd4 Rxf5+ 33. Rf4
Rh5 34. h4 a5 35. Rf7 Kg8 36. Rc7 Rf5+ 37. Kg2 Rf7 38. Ree7 Rxe7 39. Rxe7 c5
40. Kf3 a4 41. bxa4 b6 1-0

[Event "3. Copenhagen Open Politiken Cup"]
[Site "Brndby"]
[Date "1981.??.??"]
[Round "2"]
[White "Taulbut, Shaun M"]
[Black "Krahenbuhl, Gerhard"]
[Result "0-1"]
[WhiteElo "2380"]
[BlackElo "2305"]
[PlyCount "112"]
[EventDate "1981.??.??"]
[EventType "swiss"]
[EventRounds "10"]
[EventCountry "DEN"]
[SourceDate "2004.01.01"]

1. e4 c5 2. Nf3 d6 3. Bb5+ Bd7 4. c4 e5 5. Nc3 g6 6. d3 Bg7 7. Nd5 f6 8. b4
Bxb5 9. cxb5 Ne7 10. Qb3 Nd7 11. Be3 Nb6 12. Nxe7 Qxe7 13. Rc1 Rc8 14. O-O Na8
15. Nd2 b6 16. f4 Nc7 17. fxe5 fxe5 18. bxc5 dxc5 19. Bg5 Qd7 20. Nc4 Ne6 21.
Bh4 Rf8 22. Bg3 Ke7 23. Kh1 Rxf1+ 24. Rxf1 Rf8 25. Re1 Nd4 26. Qd1 Qxb5 27.
Nxe5 Bxe5 28. Bxe5 Qb2 29. h3 Rf2 30. Bg3 Re2 31. Rxe2 Nxe2 32. Bb8 Qxa2 33.
Qe1 a5 34. Qh4+ Ke8 35. Kh2 Qb1 36. Qf2 Qxd3 37. Qf6 Qxe4 38. Bc7 Qe3 39. Qh8+
Kd7 40. Qd8+ Kc6 41. Qd6+ Kb5 42. Qxb6+ Kc4 43. Qa6+ Kd4 44. Qd6+ Kc3 45. Qd1
Kb2 46. Bxa5 Qe5+ 47. Kh1 Ng3+ 48. Kg1 Qd4+ 49. Qxd4+ cxd4 50. Kf2 Nf5 51. g4
Nd6 52. Kf3 Kc2 53. Kf4 Nf7 54. Ke4 d3 55. Ke3 Nd6 56. Be1 g5 0-1

[Event "3. Copenhagen Open Politiken Cup"]
[Site "Brndby"]
[Date "1981.??.??"]
[Round "2"]
[White "Velikov, Petar"]
[Black "Sahl, Bjarke"]
[Result "1-0"]
[WhiteElo "2445"]
[BlackElo "2345"]
[PlyCount "84"]
[EventDate "1981.??.??"]
[EventType "swiss"]
[EventRounds "10"]
[EventCountry "DEN"]
[SourceDate "2004.01.01"]

1. c4 c6 2. d4 d5 3. cxd5 cxd5 4. Nc3 Nf6 5. Bf4 e6 6. e3 Bb4 7. Bd3 Bd7 8. Rc1
O-O 9. a3 Be7 10. Nf3 Bc6 11. O-O Nbd7 12. b4 Nb6 13. Ne5 Rc8 14. Nxc6 Rxc6 15.
Nb5 Nc4 16. Nxa7 Rb6 17. Bxc4 dxc4 18. Rxc4 Qa8 19. Bc7 Qxa7 20. Bxb6 Qxb6 21.
Qa4 g6 22. Rfc1 Kg7 23. Rc8 Rd8 24. Rxd8 Bxd8 25. Rc8 Bc7 26. g3 e5 27. Qc2 Bd6
28. dxe5 Bxe5 29. Qc5 Nd7 30. Qxb6 Nxb6 31. Rc5 Kf6 32. f4 Bb2 33. Rb5 Nc4 34.
a4 Nd6 35. Rd5 Ke6 36. Rd3 f5 37. Kg2 h5 38. Kf3 Ne4 39. Rd8 Bc3 40. Rg8 Kf6
41. Rb8 Nd6 42. a5 Ke6 1-0

[Event "3. Copenhagen Open Politiken Cup"]
[Site "Brndby"]
[Date "1981.??.??"]
[Round "2"]
[White "Wedberg, Tom"]
[Black "Hansson, Dan"]
[Result "1-0"]
[WhiteElo "2420"]
[BlackElo "2330"]
[PlyCount "81"]
[EventDate "1981.??.??"]
[EventType "swiss"]
[EventRounds "10"]
[EventCountry "DEN"]
[SourceDate "2004.01.01"]

1. e4 e5 2. Nf3 Nc6 3. Bb5 Nf6 4. Qe2 Be7 5. c3 d6 6. O-O O-O 7. Rd1 Bd7 8. d4
Qe8 9. Nbd2 Bd8 10. Bd3 a5 11. Nf1 Kh8 12. Ng3 Ng8 13. Bd2 f6 14. b3 Nce7 15.
Nh4 g5 16. Nhf5 Ng6 17. Nh5 N6e7 18. Re1 Nxf5 19. exf5 Ne7 20. dxe5 dxe5 21.
Bxg5 Nxf5 22. Bd2 Nd6 23. Ng3 Bc6 24. c4 Rg8 25. f3 b6 26. Bc3 Qf7 27. Rf1 Be7
28. f4 e4 29. Bc2 Rae8 30. Rae1 Rxg3 31. hxg3 Nf5 32. Kh2 Qg7 33. Qh5 Qxg3+ 34.
Kh1 Ng7 35. Qh3 Qxh3+ 36. gxh3 Kg8 37. Bxe4 Bxe4+ 38. Rxe4 Nf5 39. Kh2 Kf7 40.
Rd1 Rg8 41. Rd7 1-0

[Event "3. Copenhagen Open Politiken Cup"]
[Site "Brndby"]
[Date "1981.??.??"]
[Round "2"]
[White "Welin, Thomas"]
[Black "From, Sigfred"]
[Result "0-1"]
[WhiteElo "2290"]
[BlackElo "2225"]
[PlyCount "80"]
[EventDate "1981.??.??"]
[EventType "swiss"]
[EventRounds "10"]
[EventCountry "DEN"]
[SourceDate "2004.01.01"]

1. c4 g6 2. d4 Nf6 3. Nc3 Bg7 4. e4 O-O 5. Nf3 d6 6. Be2 Nc6 7. d5 Nb8 8. h3 c6
9. Be3 b5 10. cxb5 cxb5 11. a3 a6 12. Nd4 e5 13. dxe6 fxe6 14. O-O e5 15. Qb3+
Kh8 16. Ne6 Bxe6 17. Qxe6 Re8 18. Qf7 Nc6 19. Rad1 Nd4 20. Bxd4 exd4 21. Rxd4
Qb6 22. Rdd1 Ra7 23. Rxd6 Qb8 24. Rxf6 Rxf7 25. Rxf7 Kg8 26. Rd7 Bxc3 27. bxc3
Rd8 28. Rfd1 Rxd7 29. Rxd7 Qc8 30. Rd6 Kf7 31. a4 Qxc3 32. Rxa6 b4 33. Bg4 Ke7
34. Be6 Qe1+ 35. Kh2 Qxe4 36. a5 Qe5+ 37. g3 Qe2 38. Rb6 Qxf2+ 39. Kh1 Qxg3 40.
Bg4 h5 0-1

[Event "3. Copenhagen Open Politiken Cup"]
[Site "Brndby"]
[Date "1981.??.??"]
[Round "2"]
[White "Akesson, Ralf"]
[Black "Farias, Sergio"]
[Result "1/2-1/2"]
[WhiteElo "2305"]
[BlackElo "2240"]
[PlyCount "173"]
[EventDate "1981.??.??"]
[EventType "swiss"]
[EventRounds "10"]
[EventCountry "DEN"]
[SourceDate "2004.01.01"]

1. c4 e5 2. Nc3 Nc6 3. g3 d6 4. Bg2 g6 5. Rb1 a5 6. a3 Bg7 7. b4 axb4 8. axb4
Nf6 9. b5 Ne7 10. Bb2 O-O 11. Nf3 c6 12. bxc6 bxc6 13. c5 Ra5 14. cxd6 Qxd6 15.
d3 Nf5 16. Ra1 Rxa1 17. Qxa1 Nd4 18. Qa4 Be6 19. O-O Rb8 20. Ba3 c5 21. Qa7 Nd7
22. Nxd4 exd4 23. Ne4 Qb6 24. Qxb6 Rxb6 25. Nxc5 Nxc5 26. Bxc5 Rb2 27. Ra1 h5
28. Kf1 Rc2 29. Ba7 Bg4 30. f3 Bf5 31. Rb1 Ra2 32. Bc5 Rc2 33. Bb6 Ra2 34. Rb3
Ra1+ 35. Kf2 Ra2 36. f4 Bg4 37. Bf3 Bf5 38. Bc5 Rc2 39. Ba7 Ra2 40. Bc5 Rc2 41.
Ba7 Ra2 42. Bb6 Be6 43. Rb4 Bf5 44. Bd5 Rc2 45. Bb3 Rc3 46. Ba4 Bh3 47. Bxd4
Bxd4+ 48. Rxd4 Rc1 49. Bd7 Rf1+ 50. Ke3 f5 51. Bc6 Kf7 52. Rd7+ Ke6 53. Rg7 Kf6
54. Ra7 g5 55. Ra6 gxf4+ 56. gxf4 Ke7 57. Bd5 Bg4 58. Rh6 Re1 59. Bf3 Kf7 60.
Kf2 Ra1 61. Bg2 Kg7 62. Re6 h4 63. Re5 Kf6 64. Bc6 Ra2 65. Bf3 Ra4 66. Ke3 Bh3
67. Re8 Kg7 68. Bc6 Ra1 69. Bd5 Bg4 70. Rg8+ Kf6 71. Bf3 Bxf3 72. Kxf3 Rh1 73.
Kg2 Re1 74. Re8 Kf7 75. Re5 Kf6 76. e4 fxe4 77. dxe4 Re3 78. Kf2 Ra3 79. Rf5+
Kg6 80. Rg5+ Kf6 81. e5+ Ke6 82. Rg6+ Kf5 83. Rf6+ Ke4 84. Kg2 h3+ 85. Kf2 Rf3+
86. Ke2 Ra3 87. Kf2 1/2-1/2

[Event "3. Copenhagen Open Politiken Cup"]
[Site "Brndby"]
[Date "1981.??.??"]
[Round "3"]
[White "Anbuhl, Edgar"]
[Black "Nikolaiczuk, Lothar"]
[Result "1-0"]
[WhiteElo "2230"]
[BlackElo "2280"]
[PlyCount "65"]
[EventDate "1981.??.??"]
[EventType "swiss"]
[EventRounds "10"]
[EventCountry "DEN"]
[SourceDate "2004.01.01"]

1. e4 c6 2. d4 g6 3. Nc3 Bg7 4. Nf3 d5 5. h3 Nh6 6. g4 f6 7. g5 Nf7 8. gxf6
exf6 9. exd5 O-O 10. dxc6 Re8+ 11. Be2 Nxc6 12. Be3 Nd6 13. Qd2 Na5 14. b3 Bf5
15. Kf1 Rc8 16. Rc1 Qd7 17. Kg2 b6 18. Bd3 Qc6 19. Ne2 Ne4 20. Qd1 g5 21. d5
Qd7 22. c4 Bf8 23. Nfd4 Bg6 24. Ne6 Ba3 25. Qc2 Bxc1 26. Bxc1 f5 27. Bb2 h6 28.
f3 Nd6 29. h4 Re7 30. hxg5 h5 31. N2f4 Qe8 32. Qc3 Rh7 33. Qf6 1-0

[Event "3. Copenhagen Open Politiken Cup"]
[Site "Brndby"]
[Date "1981.??.??"]
[Round "3"]
[White "Bjarnason, Saevar"]
[Black "Moe, Mogens"]
[Result "1-0"]
[WhiteElo "2245"]
[BlackElo "2350"]
[PlyCount "121"]
[EventDate "1981.??.??"]
[EventType "swiss"]
[EventRounds "10"]
[EventCountry "DEN"]
[SourceDate "2004.01.01"]

1. d4 Nf6 2. c4 g6 3. Nc3 d5 4. Nf3 Bg7 5. Qb3 dxc4 6. Qxc4 O-O 7. e4 Bg4 8.
Be3 c6 9. Qb3 Qb6 10. Qxb6 axb6 11. O-O-O b5 12. a3 Na6 13. d5 b4 14. axb4 Nxb4
15. Bc5 Na2+ 16. Nxa2 Rxa2 17. Bxe7 Ra1+ 18. Kc2 Rxd1 19. Bxf8 Rxf1 20. Rxf1
Bxf3 21. gxf3 Bxf8 22. Rd1 cxd5 23. e5 Nd7 24. Rxd5 Nc5 25. Kc3 Kg7 26. Kc4 b6
27. Kb5 h5 28. Rd2 Ne6 29. Kxb6 Bc5+ 30. Kc6 Bb4 31. Rd1 Bc5 32. Rd2 Bd4 33.
Kd5 Bc5 34. Rc2 Bb4 35. Kc4 Ba5 36. b4 Bb6 37. Kd5 g5 38. Ke4 Kg6 39. Rc6 Bxf2
40. b5 Kg7 41. b6 Nd8 42. Rd6 Nb7 43. Rf6 Bg1 44. h3 Nc5+ 45. Kd5 Ne6 46. b7
Ba7 47. Rxe6 fxe6+ 48. Kxe6 Bb8 49. Kf5 Kf7 50. Kxg5 Bxe5 51. Kxh5 Ke6 52. Kg6
Kd7 53. Kf5 Bd6 54. h4 Kc7 55. h5 Bf8 56. Kg6 Kxb7 57. h6 Bb4 58. f4 Kc7 59. f5
Bc3 60. f6 Kd7 61. h7 1-0

[Event "3. Copenhagen Open Politiken Cup"]
[Site "Brndby"]
[Date "1981.??.??"]
[Round "3"]
[White "Carlsson, Gerner"]
[Black "Rosenlund, Thorbjorn"]
[Result "0-1"]
[WhiteElo "2205"]
[BlackElo "2305"]
[PlyCount "82"]
[EventDate "1981.??.??"]
[EventType "swiss"]
[EventRounds "10"]
[EventCountry "DEN"]
[SourceDate "2004.01.01"]

1. d4 d5 2. c4 e6 3. Nc3 c6 4. Nf3 Nf6 5. e3 Nbd7 6. Qc2 Bd6 7. e4 dxe4 8. Nxe4
Nxe4 9. Qxe4 c5 10. Bg5 Qb6 11. O-O-O cxd4 12. Nxd4 Nc5 13. Qe2 f6 14. Nf5 Be5
15. Nxg7+ Kf7 16. Bh6 Na4 17. Rd3 Qxb2+ 18. Qxb2 Bxb2+ 19. Kc2 f5 20. Rg3 f4
21. Rg4 e5 22. Rg5 Bd4 23. Be2 Nc5 24. Bh5+ Kf6 25. Ne8+ Rxe8 26. Bxe8 Bf5+ 27.
Rxf5+ Kxf5 28. Bh5 Bxf2 29. g3 Rd8 30. gxf4 exf4 31. h3 Be3 32. Rd1 Rxd1 33.
Bxd1 b6 34. Bf3 Ne4 35. Bf8 Nf2 36. Bc6 Ke5 37. Bg2 Kd4 38. Bf1 f3 39. a4 a5
40. Bd6 Ke4 41. Bg3 Kd4 0-1

[Event "3. Copenhagen Open Politiken Cup"]
[Site "Brndby"]
[Date "1981.??.??"]
[Round "3"]
[White "Carlsson, Mats"]
[Black "Wedberg, Tom"]
[Result "0-1"]
[WhiteElo "2255"]
[BlackElo "2420"]
[PlyCount "56"]
[EventDate "1981.??.??"]
[EventType "swiss"]
[EventRounds "10"]
[EventCountry "DEN"]
[SourceDate "2004.01.01"]

1. d4 Nf6 2. c4 c5 3. Nf3 cxd4 4. Nxd4 e5 5. Nb5 d5 6. cxd5 Bc5 7. e3 O-O 8.
N5c3 e4 9. Nd2 Re8 10. Bb5 Re5 11. f4 exf3 12. Nxf3 Bg4 13. Be2 Re8 14. O-O
Nbd7 15. Kh1 Bxe3 16. Bxe3 Rxe3 17. Qd4 Qb6 18. Rad1 Rae8 19. Bb5 Qa5 20. Bxd7
Bxd7 21. Rde1 Rxe1 22. Rxe1 Rxe1+ 23. Nxe1 Qb6 24. Qd2 Ng4 25. h3 Ne3 26. Nf3
Nf5 27. Qf4 f6 28. Qd2 Ng3+ 0-1

[Event "3. Copenhagen Open Politiken Cup"]
[Site "Brndby"]
[Date "1981.??.??"]
[Round "3"]
[White "Dobosz, Henryk"]
[Black "Jansa, Vlastimil"]
[Result "1-0"]
[WhiteElo "2360"]
[BlackElo "2460"]
[PlyCount "77"]
[EventDate "1981.??.??"]
[EventType "swiss"]
[EventRounds "10"]
[EventCountry "DEN"]
[SourceDate "2004.01.01"]

1. d4 Nf6 2. Nf3 g6 3. Bg5 Bg7 4. Nbd2 d6 5. e4 h6 6. Bh4 g5 7. Bg3 Nh5 8. c3
Nd7 9. Bc4 e6 10. Nf1 Nxg3 11. hxg3 g4 12. Nh4 h5 13. f4 Nf6 14. Qd3 c6 15. d5
exd5 16. exd5 cxd5 17. Bb5+ Kf8 18. Ne3 Qb6 19. O-O-O d4 20. cxd4 Be6 21. Bc4
Rc8 22. Kb1 Bxc4 23. Nxc4 Qa6 24. Rc1 d5 25. Ne5 Qxd3+ 26. Nxd3 Rxc1+ 27. Rxc1
Kg8 28. Rc7 Ne4 29. Nf5 Bf6 30. Ne5 Bxe5 31. dxe5 Kh7 32. e6 Kg6 33. Rxf7 Re8
34. Ne7+ Kh6 35. Nf5+ Kg6 36. Nh4+ Kh6 37. e7 Nxg3 38. Kc2 d4 39. Kd3 1-0

[Event "3. Copenhagen Open Politiken Cup"]
[Site "Brndby"]
[Date "1981.??.??"]
[Round "3"]
[White "Farias, Sergio"]
[Black "Poulsen, Allan"]
[Result "0-1"]
[WhiteElo "2240"]
[BlackElo "2400"]
[PlyCount "120"]
[EventDate "1981.??.??"]
[EventType "swiss"]
[EventRounds "10"]
[EventCountry "DEN"]
[SourceDate "2004.01.01"]

1. d4 g6 2. Nf3 Bg7 3. Bf4 Nf6 4. h3 c5 5. c3 Qb6 6. Qc1 cxd4 7. cxd4 Nc6 8. e3
d6 9. Be2 Bf5 10. O-O Rc8 11. Nc3 Nb4 12. Qd2 Ne4 13. Nxe4 Bxe4 14. Rac1 O-O
15. Ng5 Bf5 16. a3 Nc6 17. b4 e5 18. Bg3 h6 19. Nf3 Rfe8 20. dxe5 dxe5 21. Qa2
Be6 22. Bc4 a5 23. Bxe6 Rxe6 24. Qb1 axb4 25. axb4 Rd8 26. Rc4 Rd5 27. Qb3 Bf8
28. Rb1 Rb5 29. Qb2 Bg7 30. Kh2 Re8 31. Qd2 Rd8 32. Qe2 Rbd5 33. e4 Rb5 34. Qe1
Rd3 35. Qe2 Rd7 36. Qe1 Bf8 37. Qc3 f6 38. Nh4 Kh7 39. Qf3 Nd4 40. Qg4 Rg7 41.
Qc8 Bxb4 42. Qe8 Nc6 43. Rd1 Qc7 44. f3 Qe7 45. Qc8 Rc5 46. Rxc5 Qxc5 47. Rd5
Qf8 48. Qe6 Qf7 49. Qxf7 Rxf7 50. Bf2 Bc3 51. g3 Nd4 52. Bxd4 Bxd4 53. f4 Rc7
54. f5 g5 55. Ng6 Bc5 56. Kg2 b5 57. Rd8 b4 58. Nf8+ Bxf8 59. Rxf8 Rb7 60. Rxf6
b3 0-1

[Event "3. Copenhagen Open Politiken Cup"]
[Site "Brndby"]
[Date "1981.??.??"]
[Round "3"]
[White "From, Sigfred"]
[Black "McCambridge, Vincent"]
[Result "0-1"]
[WhiteElo "2225"]
[BlackElo "2335"]
[PlyCount "81"]
[EventDate "1981.??.??"]
[EventType "swiss"]
[EventRounds "10"]
[EventCountry "DEN"]
[SourceDate "2004.01.01"]

1. d4 Nf6 2. c4 e6 3. Nf3 b6 4. e3 Bb7 5. Nc3 Bb4 6. Bd2 O-O 7. Bd3 d5 8. O-O
Nbd7 9. Nxd5 Nxd5 10. cxd5 Bxd2 11. Qxd2 Bxd5 12. e4 Bb7 13. Rad1 c5 14. d5
exd5 15. exd5 Nf6 16. d6 Re8 17. Qf4 Bd5 18. Bb1 h6 19. Rfe1 Qd7 20. Bf5 Qc6
21. Re7 Rad8 22. Rde1 Rxe7 23. dxe7 Re8 24. a3 Bxf3 25. gxf3 Nd5 26. Qe5 Nxe7
27. Be4 Ng6 28. Qc3 Qe6 29. Re3 Qd6 30. Bxg6 Qxg6+ 31. Kf1 Rd8 32. Re4 Qd6 33.
Kg2 g6 34. Qe3 Kg7 35. Rh4 h5 36. Re4 Rd7 37. f4 Qd2 38. Qh3 Rd3 39. Qc8 Qxb2
40. Re8 Rd2 41. Rg8+ 0-1

[Event "3. Copenhagen Open Politiken Cup"]
[Site "Brndby"]
[Date "1981.??.??"]
[Round "3"]
[White "Fuglsang, Flemming"]
[Black "Hvenekilde, Jorgen"]
[Result "0-1"]
[WhiteElo "2200"]
[BlackElo "2275"]
[PlyCount "93"]
[EventDate "1981.??.??"]
[EventType "swiss"]
[EventRounds "10"]
[EventCountry "DEN"]
[SourceDate "2004.01.01"]

1. c4 Nf6 2. Nc3 g6 3. g3 Bg7 4. Bg2 O-O 5. e4 d6 6. Nge2 Nc6 7. O-O Bd7 8. h3
a6 9. d3 Rb8 10. a4 Nb4 11. d4 Qc8 12. Kh2 c5 13. d5 b5 14. axb5 axb5 15. Nxb5
Bxb5 16. cxb5 Rxb5 17. f4 Nd7 18. Nc3 Rb6 19. Re1 Ra6 20. Rxa6 Qxa6 21. Bf1 Qb7
22. e5 dxe5 23. d6 e6 24. Bg2 Qb8 25. Ne4 Nd5 26. fxe5 Bxe5 27. Qa4 Qb4 28.
Qxb4 cxb4 29. Bh6 Rc8 30. Ra1 Bxb2 31. Ra7 N5b6 32. Be3 Be5 33. Bxb6 Nxb6 34.
Rb7 Nd5 35. d7 Rd8 36. Nc5 Kf8 37. Na6 Bd6 38. Bf1 Ke7 39. Bb5 Nf6 40. Kg2 Nxd7
41. Ba4 f5 42. g4 h6 43. gxf5 gxf5 44. Kf3 e5 45. h4 Ke6 46. Bb3+ Kf6 47. Nxb4
0-1

[Event "3. Copenhagen Open Politiken Cup"]
[Site "Brndby"]
[Date "1981.??.??"]
[Round "3"]
[White "Hansen, Curt"]
[Black "Radulov, Ivan"]
[Result "0-1"]
[WhiteElo "2330"]
[BlackElo "2460"]
[PlyCount "104"]
[EventDate "1981.??.??"]
[EventType "swiss"]
[EventRounds "10"]
[EventCountry "DEN"]
[SourceDate "2004.01.01"]

1. e4 c5 2. Nc3 Nc6 3. Nf3 d6 4. d4 cxd4 5. Nxd4 Nf6 6. g3 e6 7. Bg2 Bd7 8. O-O
Be7 9. Be3 O-O 10. h3 a6 11. a4 Qc7 12. f4 Nxd4 13. Qxd4 Bc6 14. a5 Nd7 15. Qd2
b5 16. axb6 Nxb6 17. b3 Rfc8 18. Ne2 Qb7 19. c4 Nd7 20. Nc3 Nc5 21. Bxc5 dxc5
22. Qc2 Rd8 23. Rfd1 Rd4 24. e5 Rad8 25. Bxc6 Qxc6 26. Kf2 f6 27. Ne2 Rxd1 28.
Rxd1 fxe5 29. Rxd8+ Bxd8 30. fxe5 Bc7 31. Qc3 Qe4 32. Qf3 Qxe5 33. Qa8+ Kf7 34.
Qxa6 Qf5+ 35. Ke3 Qg5+ 36. Kf2 Qf6+ 37. Ke3 Qh6+ 38. Kf2 Qxh3 39. Qc6 Qf5+ 40.
Kg2 Qe5 41. Nf4 Qb2+ 42. Kh3 Bxf4 43. Qb7+ Kf6 44. gxf4 Qf2 45. Qb8 Qf3+ 46.
Kh2 Qe2+ 47. Kg1 Qe3+ 48. Kg2 Kf5 49. Qf8+ Ke4 50. Qxg7 Qe2+ 51. Kg1 Kf3 52.
Qb7+ Qe4 0-1

[Event "3. Copenhagen Open Politiken Cup"]
[Site "Brndby"]
[Date "1981.??.??"]
[Round "3"]
[White "Hansson, Dan"]
[Black "Reinert, Mads"]
[Result "0-1"]
[WhiteElo "2330"]
[BlackElo "2215"]
[PlyCount "80"]
[EventDate "1981.??.??"]
[EventType "swiss"]
[EventRounds "10"]
[EventCountry "DEN"]
[SourceDate "2004.01.01"]

1. e4 c5 2. Nf3 d6 3. d4 cxd4 4. Nxd4 Nf6 5. Nc3 a6 6. Bg5 e6 7. Qf3 Be7 8.
O-O-O Qc7 9. g4 Nbd7 10. Bxf6 Bxf6 11. h4 b5 12. Bxb5 O-O 13. Bxd7 Bxd7 14. g5
Be5 15. Qe3 d5 16. Nce2 Rab8 17. f4 Bd6 18. e5 Bc5 19. Qd3 Qb6 20. b3 a5 21. a4
Bc8 22. Nb5 Ba6 23. f5 exf5 24. Nec3 d4 25. Nd5 Bxb5 26. axb5 Qxb5 27. Nf6+
gxf6 28. Qxf5 Ba3+ 29. Kb1 Qxe5 30. Qg4 f5 31. Qxd4 Qxd4 32. Rxd4 Rfd8 33. Rf4
Rd5 34. Rhf1 Bb4 35. Rxf5 Rxf5 36. Rxf5 Re8 37. Kb2 Re3 38. Rf4 Bc3+ 39. Ka3
Re2 40. Rc4 Rxc2 0-1

[Event "3. Copenhagen Open Politiken Cup"]
[Site "Brndby"]
[Date "1981.??.??"]
[Round "3"]
[White "Hartung Nielsen, Jens"]
[Black "Jensen, Vagn"]
[Result "1-0"]
[WhiteElo "2220"]
[BlackElo "2235"]
[PlyCount "81"]
[EventDate "1981.??.??"]
[EventType "swiss"]
[EventRounds "10"]
[EventCountry "DEN"]
[SourceDate "2004.01.01"]

1. d4 Nf6 2. Nf3 d6 3. c4 Nbd7 4. Nc3 e5 5. Bg5 c6 6. e3 Qa5 7. Qd2 Be7 8. Be2
O-O 9. O-O Re8 10. Rab1 Qc7 11. Qc2 Nf8 12. b4 Bg4 13. dxe5 dxe5 14. h3 Bh5 15.
Rfd1 Rad8 16. c5 Bg6 17. e4 Ne6 18. Be3 Nd5 19. Nxd5 cxd5 20. Bd3 dxe4 21. Bxe4
Bf6 22. Bxg6 hxg6 23. Qc4 Rxd1+ 24. Rxd1 Rd8 25. Rd5 a6 26. Nd2 Bg5 27. Bxg5
Nxg5 28. Ne4 Nxe4 29. Qxe4 Rxd5 30. Qxd5 Kf8 31. a4 Ke7 32. b5 axb5 33. axb5 f6
34. b6 Qd7 35. Qg8 Qc6 36. Qxg7+ Ke6 37. Qg8+ Ke7 38. g3 Qxc5 39. Qg7+ Kd6 40.
Qxf6+ Kd5 41. Qf7+ 1-0

[Event "3. Copenhagen Open Politiken Cup"]
[Site "Brndby"]
[Date "1981.??.??"]
[Round "3"]
[White "Jahr, Ulrich"]
[Black "Jasnikowski, Zbigniew"]
[Result "1/2-1/2"]
[WhiteElo "2230"]
[BlackElo "2380"]
[PlyCount "80"]
[EventDate "1981.??.??"]
[EventType "swiss"]
[EventRounds "10"]
[EventCountry "DEN"]
[SourceDate "2004.01.01"]

1. e4 c5 2. Nf3 Nc6 3. d4 cxd4 4. Nxd4 Nf6 5. Nc3 d6 6. Bc4 e6 7. Be3 a6 8. Qe2
Na5 9. Bd3 Bd7 10. f4 Qc7 11. g4 e5 12. Nd5 Nxd5 13. exd5 Be7 14. O-O-O O-O 15.
Nf3 Bb5 16. fxe5 dxe5 17. Bd2 Bxd3 18. Qxd3 Nc4 19. Rhe1 b5 20. Bc3 f6 21. g5
b4 22. gxf6 Bxf6 23. Re4 bxc3 24. Qxc4 cxb2+ 25. Kb1 Qxc4 26. Rxc4 Rfc8 27. Re4
Rc3 28. Nxe5 Re8 29. d6 Rxe5 30. Rxe5 Bxe5 31. d7 Bf6 32. d8=Q+ Bxd8 33. Rxd8+
Kf7 34. Rd7+ Kf6 35. Rd6+ Kf5 36. Rxa6 Rh3 37. Ra7 g5 38. Rf7+ Ke4 39. Rf2 g4
40. Kxb2 Rf3 1/2-1/2